International Conference on Safety of Fishing Vessels, 1977 : (Record no. 1926)

000 -LEADER
fixed length control field 00928nam a2200229 a 4500
007 - PHYSICAL DESCRIPTION FIXED FIELD--GENERAL INFORMATION
fixed length control field ta
008 - FIXED-LENGTH DATA ELEMENTS--GENERAL INFORMATION
fixed length control field 800401t1977 xxk g i100 0 eng d
020 ## - INTERNATIONAL STANDARD BOOK NUMBER
International Standard Book Number 9280110640
040 ## - CATALOGING SOURCE
Original cataloging agency IMU Kochi Library
Language of cataloging eng
041 0# - LANGUAGE CODE
Language code of text/sound track or separate title eng
044 ## - COUNTRY OF PUBLISHING/PRODUCING ENTITY CODE
MARC country code United Kingdom
082 00 - DEWEY DECIMAL CLASSIFICATION NUMBER
Edition number 23
Classification number 341.762
Item number In815
111 2# - MAIN ENTRY--MEETING NAME
Meeting name or jurisdiction name as entry element International Conference on Safety of Fishing Vessels
Date of meeting (1977 :
Location of meeting London, England)
245 10 - TITLE STATEMENT
Title International Conference on Safety of Fishing Vessels, 1977 :
Sub Title final act of the conference, with attachments, including the Torremolinos International Convention for the Safety of Fishing Vessels, 1977 /
260 ## - PUBLICATION, DISTRIBUTION, ETC. (IMPRINT)
Place of publication, distribution, etc London :
Name of publisher, distributor, etc Inter-Governmental Maritime Consultative Organization,
Date of publication, distribution, etc 1977.
300 ## - PHYSICAL DESCRIPTION
Extent iv, 204 p. ;
Dimensions 24 cm.
650 #0 - SUBJECT ADDED ENTRY--TOPICAL TERM
Topical term or geographic name as entry element Fishing boats
General subdivision Safety measures
710 2# - ADDED ENTRY--CORPORATE NAME
Corporate name or jurisdiction name as entry element Inter-Governmental Maritime Consultative Organization
852 ## - LOCATION/CALL NUMBER
Location IMU Kochi Library
904 ## - LOCAL DATA ELEMENT D, LDD (RLIN)
CATALOGER Akhil Bose
942 ## - ADDED ENTRY ELEMENTS (KOHA)
Item type Books
Holdings
Withdrawn status Lost status Source of classification or shelving scheme Damaged status Not for loan Collection code Permanent location Current location Shelving location Date acquired Source of acquisition Full call number Barcode Date last seen Koha item type Public note
          IMO Collection IMU Kochi Library IMU Kochi Library Reference 2012-03-22 Bought Earlier 341.762 In815 BK000269 2020-01-22 Books Shelf-3, Row-1


Copyright © All Rights Reserved by Indian Maritime University, Kochi Campus.
For any Suggestions/Query Contact to library or Email: library.kochi@imu.ac.in Ph:(0484)-2989402
(Web OPAC Designed by Rudra Ranjan. Maintained by IMU Kochi Library)

Powered by Koha